Cities located in 3 or more counties - Statistics

General Stats
  • This quiz has been taken 8 times
  • The average score is 7 of 26
Answer Stats
Hint Population Answer % Correct
Queens, Kings, Richmond________ and Bronx 8,568,029 New York City
100%
Franklin, Fairfield, Delaware 902,584 Columbus
50%
Harris, Ft Bend, Montgomery 2,407,226 Houston
50%
________, Waukesha, Washington 554,911 Milwaukee
50%
Travis, Hays, Williamson 1,000,206 Austin
38%
______, Collin, Denton, KaufmanRockwell 1,352,292 Dallas
38%
Jackson, Clay, Cass, Platte 505,889 Kansas City
38%
Multnomah, Clackamas,Washington 616,441 Portland
38%
Bexar, Comal, Medina 1,548,300 San Antonio
38%
Chatham, Wake, Durham 185,192 Cary
25%
Nueces, Kleberg, Aransas,San Patricio 313,469 Corpus Christi
25%
______, Wake, Orange 306,509 Durham
25%
Tarrant, Denton, Johnson, Wise,Parker 1,044,893 Ft Worth
25%
Hinds, Rankin, Madison 135,042 Jackson
25%
________, Pottawatomie, Canadian, Cleveland 711,600 Oklahoma City
25%
_____, Rogers, Osage, Wagoner 410,004 Tulsa
25%
Arapahoe, Adams, Douglas 398,791 Aurora
13%
Kane, Kendall, DuPage, Will 174,963 Aurora
13%
Dallas, Denton, Collin 132,765 Carrollton
13%
Dallas, Collin, Rockwell 239,868 Garland
13%
Guilford, Davidson, Forsyth, Randolph 117,392 High Point
13%
Madison, Limestone, Morgan,Marshall 253,163 Huntsville
13%
Clinton, Eaton, Ingham 109,679 Lansing
13%
Brazoria, Ft Bend, Harris 129,589 Pearland
13%
Dallas, Tarrant, Ellis 202,266 Grand Praire
0%
__________, Berkeley, Dorchester 119,247 North Charleston
0%
No matching quizzes found
Score Distribution
Percent of People with Each Score
Percentile by Number Answered
Your Score History
You have not taken this quiz